000 00662nam a2200253Ia 4500
003 OSt
005 20221005042028.0
006 a|||||r|||| 00| 0
007 ta
008 221004b |||||||| |||| 00| 0 urd d
020 _c2.5
024 _a31146
037 _cTextual
040 _aCRL
_cCRL
_burd
041 _2urd
_aurd
082 _aO168,3N23,17, K1
100 _aHussain Intezar Au.
_9177827
245 0 _aGulfaam
260 _aDelhi
_bSultania book depo India
_c1961
300 _a160p.
_ccm.
650 _aURDU FICTION
_93298
942 _hO168,3N23,17, K1
_cTEXL
_2cc
999 _c949540
_d949540